| 000 | 01550nam a2200373Ia 4500 | ||
|---|---|---|---|
| 001 | vtls003176623 | ||
| 003 | MY-SjTCS | ||
| 005 | 20200226111941.0 | ||
| 006 | m u | ||
| 007 | cr cn||||||||| | ||
| 008 | 100712s2001 ncua sb 001 0 eng d | ||
| 010 | _z 00-052778 | ||
| 020 | _z080787552X | ||
| 020 | _z0807826227 (alk. paper) | ||
| 020 | _z0807849367 (pbk. : alk. paper) | ||
| 035 | _a(CaPaEBR)ebr10022605 | ||
| 039 | 9 |
_y201007121447 _zVLOAD |
|
| 040 |
_aCaPaEBR _cCaPaEBR |
||
| 050 | 1 | 4 |
_aPN4882.5 _b.J67 2001eb |
| 082 | 0 | 4 |
_a071/.3/08996073 _221 |
| 100 | 1 | _aJordan, William G. | |
| 245 | 1 | 0 |
_aBlack newspapers and America's war for democracy, 1914-1920 _h[electronic resource] / _cWilliam G. Jordan. |
| 260 |
_aChapel Hill : _bUniversity of North Carolina, _cc2001. |
||
| 300 |
_a241 p. : _bill. |
||
| 504 | _aIncludes bibliographical references (p. [213]-225) and index. | ||
| 529 | _aTSLHHL | ||
| 533 |
_aElectronic reproduction. _bPalo Alto, Calif. : _cebrary, _d2005. _nAvailable via World Wide Web. _nAccess may be limited to ebrary affiliated libraries. |
||
| 650 | 0 |
_aAfrican American press _xHistory _y20th century. |
|
| 650 | 0 |
_aAfrican American newspapers _xHistory _y20th century. |
|
| 650 | 0 |
_aWorld War, 1914-1918 _xPress coverage _zUnited States. |
|
| 655 | 7 |
_aElectronic books. _2local |
|
| 710 | 2 |
_aebrary, Inc. _925628 |
|
| 856 | 4 | 0 |
_uhttps://ezproxy.taylors.edu.my/login?url=http://site.ebrary.com/lib/taylorscollege/Doc?id=10022605 _zAn electronic book accessible through the World Wide Web; click to view |
| 999 | _c87925 | ||